000 00479nam a22001817a 4500
003 OSt
005 20180116183043.0
008 160224b xxu||||| |||| 00| 0 eng d
020 _a18-013-89-1
024 _218-013-89-1
040 _cLahore University of Management Sciences
082 _a174.4 LUM 1989
100 _aHASSAN S Z, JAMIL N
245 _aPOF HOSPITAL (A)
_cHASSAN S Z, JAMIL N
300 _a16 p.
_bPapers
440 _aPOF HOSPITAL (A)
942 _2ddc
_cCS
999 _c351304
_d351304